Top 15 Players in the NRL 2016 - Statistics

General Stats
  • This quiz has been taken 367 times
    358 since last reset
  • The average score is 6 of 15
Answer Stats
No. Answer % Correct
3 Cameron Smith
96%
2 Cooper Cronk
87%
1 Jonathan Thurston
87%
13 James Tedesco
51%
4 Ben Barba
50%
6 James Maloney
45%
5 Jason Taumalolo
40%
14 Anthony Milford
31%
8 Andrew Fifita
26%
15 Latrell Mitchell
17%
7 Josh Hodgson
15%
9 Jordan Rapana
12%
10 Tom Trbojevic
11%
12 Ashley Taylor
9%
11 Jarod Crocker
6%
No matching quizzes found
Score Distribution
Percent of People with Each Score
Percentile by Number Answered
Your Score History
You have not taken this quiz since the last reset